| 000 | 00742cam a2200277ua 4500 | ||
|---|---|---|---|
| 020 | _cRs.28.50 (PB) | ||
| 041 |
_aeng _h |
||
| 082 |
_a658.501 _bBET/IN |
||
| 100 |
_aLawrence, Bethel l . _95923 |
||
| 245 |
_aIndustrial organisation and management _hTextual Documents |
||
| 250 |
_a4 / _b. |
||
| 260 |
_aTokyo : _bTosho Printing Co.Ltd , _c1962. |
||
| 300 | _a704 ; . | ||
| 365 | _aRs.28.50 | ||
| 504 | _a | ||
| 650 |
_aAmerican Industry _95924 |
||
| 650 |
_aInternal organization _95925 |
||
| 650 |
_aInternal organization _95925 |
||
| 700 | 1 |
_aFrantlin, Atwater S . _95926 |
|
| 700 | 1 |
_aGeorge, Smith E . _95927 |
|
| 700 | 1 |
_aHarvey, Stackman A . _95928 |
|
| 942 | _cBK | ||
| 999 |
_c23 _d23 |
||
| 003 | @ | ||
| 003 | OSt | ||